| 000 | 00727cam a2200205 a 4500 | ||
|---|---|---|---|
| 001 | 000007304 | ||
| 005 | 20200929154128.0 | ||
| 008 | 060125s1994 ck 001 0 spa | ||
| 020 | _a9589367003 | ||
| 040 |
_aDO-SdBNP _cDLC |
||
| 082 |
_a895.1 _bH233A |
||
| 100 | 1 |
_aArango, José Manuel, _d1937-2002. _920285 |
|
| 245 | 1 | 3 |
_aEl solitario de la Montaña Fría : _bpoemas de Han-shan / _cversiones de José Manuel Arango. |
| 260 |
_aMedellin, Colombia : _bIntergraf, _c1994. |
||
| 300 |
_a78 p. ; _c24 cm. |
||
| 600 | 1 | 0 |
_aHAN-SHAN _xCRÍTICA E INTERPRETACIÓN _920286 |
| 650 | 4 |
_aPoesia china _xHistoria y crítica _920287 |
|
| 650 | 4 |
_aLiteratura china _xCrítica e interpretación _920288 |
|
| 910 | _aCatalogación por copia / LC | ||
| 999 |
_c7085 _d7085 |
||